<?xml version='1.0' encoding='UTF-8'?>
  <record xmlns="http://www.loc.gov/MARC21/slim">
    <leader>00000ctm a22000007i 4500</leader>
    <controlfield tag="001">ocn965407741</controlfield>
    <controlfield tag="003">OCoLC</controlfield>
    <controlfield tag="005">20250821081223.5</controlfield>
    <controlfield tag="008">150414q15951595ic            000 0 ice d</controlfield>
    <datafield tag="040" ind1=" " ind2=" ">
      <subfield code="a">QGJ</subfield>
      <subfield code="b">eng</subfield>
      <subfield code="e">rda</subfield>
      <subfield code="e">dcrmmss</subfield>
      <subfield code="c">QGJ</subfield>
      <subfield code="d">OCLCO</subfield>
      <subfield code="d">OCLCA</subfield>
      <subfield code="d">OCLCL</subfield>
      <subfield code="d">QGJ</subfield>
      <subfield code="d">OCLCQ</subfield>
      <subfield code="d">QGJ</subfield>
    </datafield>
    <datafield tag="035" ind1=" " ind2=" ">
      <subfield code="a">(OCoLC)965407741</subfield>
    </datafield>
    <datafield tag="100" ind1="0" ind2=" ">
      <subfield code="a">Snorri Sturluson,</subfield>
      <subfield code="d">1179?-1241.</subfield>
      <subfield code="1">https://id.oclc.org/worldcat/entity/E39PBJvxx9vHWYfc44FbRDJRrq</subfield>
    </datafield>
    <datafield tag="240" ind1="1" ind2="0">
      <subfield code="a">Edda.</subfield>
    </datafield>
    <datafield tag="245" ind1="1" ind2="0">
      <subfield code="a">Prose Edda /</subfield>
      <subfield code="c">Snorri Sturluson.</subfield>
      <subfield code="f">UBU Hs. 1374.</subfield>
    </datafield>
    <datafield tag="260" ind1=" " ind2=" ">
      <subfield code="a">[Iceland],</subfield>
      <subfield code="c">[c. 1595]</subfield>
    </datafield>
    <datafield tag="300" ind1=" " ind2=" ">
      <subfield code="a">52 fols ;</subfield>
      <subfield code="c">c. 200 x 166 mm.</subfield>
    </datafield>
    <datafield tag="336" ind1=" " ind2=" ">
      <subfield code="a">text</subfield>
      <subfield code="b">txt</subfield>
      <subfield code="2">rdacontent</subfield>
    </datafield>
    <datafield tag="337" ind1=" " ind2=" ">
      <subfield code="a">unmediated</subfield>
      <subfield code="b">n</subfield>
      <subfield code="2">rdamedia</subfield>
    </datafield>
    <datafield tag="338" ind1=" " ind2=" ">
      <subfield code="a">volume</subfield>
      <subfield code="b">nc</subfield>
      <subfield code="2">rdacarrier</subfield>
    </datafield>
    <datafield tag="340" ind1=" " ind2=" ">
      <subfield code="a">paper</subfield>
      <subfield code="k">1 column, 31-38 lines.</subfield>
    </datafield>
    <datafield tag="500" ind1=" " ind2=" ">
      <subfield code="a">Preliminary title.</subfield>
    </datafield>
    <datafield tag="500" ind1=" " ind2=" ">
      <subfield code="a">At the beginning of the manuscript one leaf is missing and at the end 3 leaves are missing. It is not entirely clear whether text was lost at the beginning. (According to Faulkes (p. 10), the first page of the exemplar may have been unreadable.) The text ends defectively at vs. 61 of the Háttatal. In front of the first leaf, there was another gathering of which only the first leaf remains, which functions as a fly leaf. A second fly leaf has been added.</subfield>
    </datafield>
    <datafield tag="500" ind1=" " ind2=" ">
      <subfield code="a">Copied by a hand identical with the one that wrote AM Dipl. Isl. LX 9 (from 1603).</subfield>
    </datafield>
    <datafield tag="524" ind1=" " ind2=" ">
      <subfield code="a">Cite as: Universiteitsbibliotheek Utrecht Hs. 1374.</subfield>
    </datafield>
    <datafield tag="541" ind1=" " ind2=" ">
      <subfield code="a">Christian Rau;</subfield>
      <subfield code="c">Gift;</subfield>
      <subfield code="d">1643.</subfield>
      <subfield code="5">NL-UtRU</subfield>
    </datafield>
    <datafield tag="561" ind1=" " ind2=" ">
      <subfield code="a">According to Faulker, written and owned by Páll Jónsson of Þernuvík in the Western fiords of Iceland in or about 1595. The manuscript has several propriety marks, among which that of Danish professor Ole Worm (1588-1654), who owned it from1635 to 1637. According to a letter of donation in the manuscript, it was donated to the Universiteitsbibliotheek Utrecht in 1643 by Christianus Ravius Berlinas (1613-1677).</subfield>
    </datafield>
    <datafield tag="581" ind1=" " ind2=" ">
      <subfield code="a">P.A. Tiele, Catalogus codicum manu scriptorum Bibliothecae Universitatis Rheno-Trajectinae. I. Trajecti ad Rhenum / Hagae Comitis 1887. P. 327.</subfield>
    </datafield>
    <datafield tag="581" ind1=" " ind2=" ">
      <subfield code="a">De Codex Trajectinus van de Snorra Edda. [Met een inl. uitg.] door Willem van Eeden Jr. Dissertatie GU Amsterdam. 's-Gravenhage 1913.</subfield>
    </datafield>
    <datafield tag="581" ind1=" " ind2=" ">
      <subfield code="a">S. Sturluson, Snorra Edda. Reykjavik 1975. Arni Björnsson bjó til prentunar.</subfield>
    </datafield>
    <datafield tag="581" ind1=" " ind2=" ">
      <subfield code="a">Th. Homan, 'A poem by the Icelander Jon Meistari', in: Amsterdamer Beiträge zur älteren Germanistik 11 (1976), P. 177-184. tekstuitgave (fol. 2r).</subfield>
    </datafield>
    <datafield tag="581" ind1=" " ind2=" ">
      <subfield code="a">Edda Islandorum. Völuspá - Hávamál. P.H. Resen's editions of 1665. Reykjavik 1977. (= Two versions of Snorra Edda from the 17th century 2). P. 30, 32, 35, 42, 45, 68, 91.</subfield>
    </datafield>
    <datafield tag="581" ind1=" " ind2=" ">
      <subfield code="a">Edda Magnúsar Ólafssonar (Laufás Edda). ed. by A. Faulkes. Reykjavik 1979. (= Two versions of Snorra Edda from the 17th century 1). Passim (tekstuitgave).</subfield>
    </datafield>
    <datafield tag="581" ind1=" " ind2=" ">
      <subfield code="a">Handschriften en oude drukken van de Utrechtse Universiteitsbibliotheek. Catalogus bij de tentoonstelling in het Centraal Museum te Utrecht ter gelegenheid van het 400-jarig bestaan van de bibliotheek der Rijksuniversiteit, 1584-1984. Utrecht 1984. p. 269-271 nr. 128, afb. op p. 270.</subfield>
    </datafield>
    <datafield tag="581" ind1=" " ind2=" ">
      <subfield code="a">Codex Trajectinus. The Utrecht manuscript of the prose Edda. Ed. by A. Faulkes. Copenhagen 1985. (= Early Islandic manuscripts in facsimile 15).</subfield>
    </datafield>
    <datafield tag="581" ind1=" " ind2=" ">
      <subfield code="a">Jacqueline de Ruiter, Beschrijving Hs. 1374 'Snorra Edda' UB Utrecht. Utrecht 1985.</subfield>
    </datafield>
    <datafield tag="650" ind1=" " ind2="0">
      <subfield code="a">Norse mythology.</subfield>
    </datafield>
    <datafield tag="650" ind1=" " ind2="0">
      <subfield code="a">Icelandic prose literature.</subfield>
    </datafield>
    <datafield tag="650" ind1=" " ind2="0">
      <subfield code="a">Manuscripts, Icelandic.</subfield>
    </datafield>
    <datafield tag="655" ind1=" " ind2="7">
      <subfield code="a">Manuscripts.</subfield>
      <subfield code="2">lcgft</subfield>
    </datafield>
    <datafield tag="700" ind1="0" ind2=" ">
      <subfield code="a">Páll Jónsson.</subfield>
      <subfield code="e">scribe.</subfield>
      <subfield code="4">scr</subfield>
      <subfield code="5">NL-UtRU</subfield>
    </datafield>
    <datafield tag="700" ind1="0" ind2=" ">
      <subfield code="a">Páll Jónsson.</subfield>
      <subfield code="e">former owner.</subfield>
      <subfield code="4">fmo</subfield>
      <subfield code="5">NL-UtRU</subfield>
    </datafield>
    <datafield tag="700" ind1="0" ind2=" ">
      <subfield code="a">Jon Grissarson (?)</subfield>
      <subfield code="e">former owner.</subfield>
      <subfield code="4">fmo</subfield>
      <subfield code="5">NL-UtRU</subfield>
    </datafield>
    <datafield tag="700" ind1="0" ind2=" ">
      <subfield code="a">Jon Bisnisz</subfield>
      <subfield code="e">former owner.</subfield>
      <subfield code="4">fmo</subfield>
      <subfield code="5">NL-UtRU</subfield>
    </datafield>
    <datafield tag="700" ind1="1" ind2=" ">
      <subfield code="a">Boszma tel Grysande, Jon Ara son</subfield>
      <subfield code="e">former owner.</subfield>
      <subfield code="4">fmo</subfield>
      <subfield code="5">NL-UtRU</subfield>
    </datafield>
    <datafield tag="700" ind1="1" ind2=" ">
      <subfield code="a">Worm, Olav,</subfield>
      <subfield code="d">1588-1654,</subfield>
      <subfield code="e">former owner.</subfield>
      <subfield code="4">fmo</subfield>
      <subfield code="5">NL-UtRU</subfield>
      <subfield code="1">https://id.oclc.org/worldcat/entity/E39PBJbthGVY9khpQqyjxjF7pP</subfield>
    </datafield>
    <datafield tag="700" ind1="1" ind2=" ">
      <subfield code="a">Worm, Ole,</subfield>
      <subfield code="d">1588-1654,</subfield>
      <subfield code="e">former owner.</subfield>
      <subfield code="4">fmo</subfield>
      <subfield code="1">https://id.oclc.org/worldcat/entity/E39PBJbthGVY9khpQqyjxjF7pP</subfield>
    </datafield>
    <datafield tag="700" ind1="1" ind2=" ">
      <subfield code="a">Raue, Christian,</subfield>
      <subfield code="d">1613-1677,</subfield>
      <subfield code="e">former owner.</subfield>
      <subfield code="4">fmo</subfield>
      <subfield code="1">https://id.oclc.org/worldcat/entity/E39PBJktk63CvBcmjgFcwGKKh3</subfield>
    </datafield>
    <datafield tag="856" ind1="4" ind2="1">
      <subfield code="u">http://objects.library.uu.nl/reader/resolver.php?obj=002657054&amp;type=2</subfield>
      <subfield code="x">Online</subfield>
      <subfield code="z">Full text</subfield>
    </datafield>
    <datafield tag="936" ind1=" " ind2=" ">
      <subfield code="a">BATCHLOAD</subfield>
    </datafield>
  </record>